Регионална библиотека "Любен Каравелов" - Русе

Ангел Каралийчев 1902 - 1972 (Запис номер 141876)

MARC детайли
000 -Лидер
Контролно поле с фиксирана дължина 02021nam a2200397 c 4500
003 - Код на организацията, давaща контролен номер
Контролно поле BLK
005 - Дата и час на последна редакция
Контролно поле 20240710005457.0
008 - Елементи от данни с фиксирана дължина
fixed length control field 180409b bul|||||r ||||||| ||bul||
010 ## - Наследен системен номер
LC control number KNG00147952000
040 ## - Източник на каталожния запис
Идентификатор на билиотеката - собственик на записа BLK
041 ## - Код за език
Код за езика на текст/звукозапис или на отделно заглавие Български
Код за езика КДБФ Български
080 ## - УДК
Текстов определител УДК Основни форми на възпитание и образование
УДК код - определител по УДК 37.018
УДК - код + определител 37.018
080 ## - УДК
Текстов определител УДК Справочно-библиографска и информационна работа - Форми на пропаганда на книгата, библиографски помагала, пътеводители по литературата и др. Вж и 028
УДК код - определител по УДК 025.5
УДК - код + определител 025.5
080 ## - УДК
Текстов определител УДК Българска литература
УДК код - определител по УДК 821.163.2
УДК определител (092)
УДК - код + определител 821.163.2(092)
080 ## - УДК
Текстов определител УДК Български писател и преводач
УДК код - определител по УДК 929 Каралийчев, Ангел Иванов
УДК - код + определител 929 Каралийчев, Ангел Иванов
139 ## - Редно поле
Редна дума Ангел Каралийчев 1902 - 1972
Авторски знак Ан - А 64
245 10 - Сведения за заглавието
Заглавие Ангел Каралийчев 1902 - 1972
Подзаглавни данни Метод. сб. в помощ на учители, библиотекари и дружинни ръководители
Редно поле (дума) състав. Магдалена Баева.
257 ## - Страна на издаване
Страна на създаване/издаване България
260 ## - Област на издателските данни
Място на издаване, разпространение и проч. София
Име на издателя, разпространителя и проч. Дом на лит. и изкуствата за деца и юноши
Година на издаване 1982
300 ## - Физическа характеристика
Страници 203 с., 1 л.
Илюстрации и др. портр.
Размери/Мащаб 21 см
380 ## - Жанр
Жанр Обществени науки
600 14 - Име на лице, използвано като предмет
За него / За нея Каралийчев, Ангел Иванов
Свързани дати 1902-1972
9 (RLIN) 76702
650 #4 - Допълнително описание по предмет – тема
Основно описание – тема или топоним Детска и юношеска литература
9 (RLIN) 243025
650 #0 - Допълнително описание по предмет – тема
Основно описание – тема или топоним Писатели, български
9 (RLIN) 241944
653 ## - Ключова дума – ненормативна
Ключова дума педагогика
653 ## - Ключова дума – ненормативна
Ключова дума българска литература
653 ## - Ключова дума – ненормативна
Ключова дума Ангел Каралийчев
700 1# - Други автори (авторска отговорност)
Лично име Баева, Магдалена
Автороска отговорност (Описва отношението между автора и произведението) състав.
9 (RLIN) 376886
852 ## - Местоположение
Форматна сигнатура Цб 116653
856 4# - Електронен адрес и достъп
Електронен формат pdf - файл
856 4# - Електронен адрес и достъп
Електронен формат pdf - файл
999 ## - СИСТЕМНИ КОНТРОЛНИ НОМЕРА
Koha biblionumber 141876
Koha biblioitemnumber 141876
942 ## - АРТИКУЛИ
Вид на библиотечния материал Книги
Скрит в OPAC Не
Периодичен библиозапис Да
944 ## - СЪЗДАВАНЕ И РЕДАКЦИЯ на ЗАПИСА
Създаване/Редакция Създаване
Дата на регистрацията/редакция 01.08.2013
Служител, извършил регистрацията/редакцията
Статус, дата на статуса CRON CRON
944 ## - СЪЗДАВАНЕ И РЕДАКЦИЯ на ЗАПИСА
Създаване/Редакция Редакция
Дата на регистрацията/редакция 01.08.2013
999 ## - СИСТЕМНИ КОНТРОЛНИ НОМЕРА
Koha biblioitemnumber 141876
Наличности
Код за отписване Код за изгубен артикул Източник на класификационната схема Код за повреда Коз за рестрикции Код за отдаване Артикулен № Име на библиотеката - собственик Име на библиотеката, в която се намира в момента Статус (Текущо местоположение) Дата на вписване в системата Местоположение - отдел Цена в лева Инвентарен номер Систематично азбучна сигнатура Баркод Номер на екземпляра Цена в евро Служебна бележка Служебен тип на артикула
  Не е изгубен Universal Decimal Classification Не е повреден без рестрикции ползва се в читалня 234092 Регионална библиотека "Любен Каравелов" Русе Регионална библиотека "Любен Каравелов" Русе Хранилище 1982-01-01 Хранилище 1.50 359982 Цб 116653 120000359982 1 0.77 Дост: Dp Вид: Д N: стар фонд Дата: 01.01.1982 Книги
Vip Innovations Ltd, Rousse, Bulgaria 2025